Laddar...

Elements of war crimes under the Rome statute of the international criminal court : sources and commentary

Bibliografiska uppgifter
Huvudupphovsman: Dormann,Knut
Materialtyp: Printed Book
Publicerad: Cambridge Cambridge University Press 2003
Ämnen:
LEADER 00693nam a22001577a 4500
020 |a 978-0-521-81852-0 
074 |a 9001 
082 |a 345.023 8 DOR'03 
100 |a Dormann,Knut  |9 2795 
245 |a Elements of war crimes under the Rome statute of the international criminal court  |b : sources and commentary 
260 |a Cambridge  |b Cambridge University Press  |c 2003 
300 |a lx,524p. 
500 |a Includes bibliographies and subject index 
653 |a Rome statute of the international criminal court  |a War Crimes  |a International criminal courts 
999 |c 6719  |d 6719 
952 |0 0  |1 0  |2 ddc  |4 0  |6 341_690000000000000_DOR08  |7 1  |8 REF  |9 8415  |a NUALS  |b NUALS  |c REF  |d 2013-02-12  |l 0  |o 341.69 DOR'08  |p 9001  |r 2016-06-02  |y REF